000
00381nam a2200133Ia 4500
008
100328s9999 xx 000 0 und d
082
_b
17086
100
_a
गुरुदत्त
245
_a
प्रतिशोध
260
_b
राजपाल अॅन्ड सन्स
630
_a
प्रतिशोध
730
_a
प्रतिशोध
942
_c
BOOK
999
_c
511714
_d
511711